Scheduled monuments. (Record no. 60923)

MARC details
000 -LEADER
fixed length control field 00719cam a2200193 4500
001 - CONTROL NUMBER
control field ABS61213
008 - FIXED-LENGTH DATA ELEMENTS--GENERAL INFORMATION
fixed length control field 000000n 000 0 eng u
035 ## - SYSTEM CONTROL NUMBER
System control number (Sirsi) u101810
100 ## - MAIN ENTRY--PERSONAL NAME
Personal name Mynors, C.
245 ## - TITLE STATEMENT
Title Scheduled monuments.
490 ## - SERIES STATEMENT
Series statement Context
Volume/sequential designation (63) September 1999, 28-29(2)
520 ## - SUMMARY, ETC.
Summary, etc. Discusses R v Bovis Construction Ltd which considered the precise extent to which scheduled monument consent covered an archaeological site. It was held that within the area defined, the complete area was covered, not only the actual remains.
650 ## - SUBJECT ADDED ENTRY--TOPICAL TERM
Topical term or geographic name entry element R V BOVIS CONSTRUCTION
650 ## - SUBJECT ADDED ENTRY--TOPICAL TERM
Topical term or geographic name entry element ARCHAEOLOGICAL SITES
650 ## - SUBJECT ADDED ENTRY--TOPICAL TERM
Topical term or geographic name entry element ANCIENT MONUMENTS
650 ## - SUBJECT ADDED ENTRY--TOPICAL TERM
Topical term or geographic name entry element SCHEDULING
690 ## - LOCAL SUBJECT ADDED ENTRY--TOPICAL TERM (OCLC, RLIN)
Topical term or geographic name as entry element CONSERVATION
942 ## - ADDED ENTRY ELEMENTS (KOHA)
Suppress in OPAC 0
Holdings
Withdrawn status Lost status Source of classification or shelving scheme Damaged status Not for loan Home library Current library Shelving location Date acquired Total Checkouts Full call number Barcode Date last seen Copy number Price effective from Koha item type
    Dewey Decimal Classification     London London Journal article 11/11/1999   ABS61213 101810-1001 06/08/2019 1 06/08/2019 Journal article